02081njm a2200265Ia 450000100060000000300090000600500170001500800410003204000130007304000130008604100130009910000200011210000180013210000380015024500830018825000110027126000090028226000560029130000100034730000240035750006510038150506720103265000550170470000560175920390IT-RoPAU20220918181135.0131025s9999 xx 000 0 und d aIT-RoPAU cIT-RoPAU aITALIANO aPiccinelli Nino eAutore musica gCodice autore musica SPICS: 1106 aTa-pum ta-pum ta-pum 34 canti di trincea trascritti da Nino Piccinelli (4 Lp ) a1a ed. aROMA bSANZIOc1967 [1a Ed.:1967 - Ed. Lingua Orig.: 1967] aDISCO c (Testo: 220 pag.) aHanno collaborato alla registrazione: Gino-Nucci per l'esecuzione e Gianluigi Gazzetti per i commenti. Allegato ai quattro lp un volume di documentazione sul cinquantenario della vittoria 1918-1968. Ultima guerra del Risorgimento; martiri e eroi, volontari garibaldini. Armi e uomini che vinsero la guerra: fanti, granatieri, bersaglieri, alpini, arditi, artiglieri, cavalleggeri, marinai, aviatori, genieri, carabinieri, finanzieri. Servizi medaglie d'oro al valore militare conferite alle armi e agli uomini della vittoria. Bandiere decorate di medaglia d'oro. Milite ignoto. Diari di guerra rinvenuti sui campi di battaglia. Canzoni di trincea aTa-Pum (stornelli in grigio-verde): Terresina - Il testamento - La tradotta - Di quà di là dal ponte - Mi sun alpin - Olin Bevin - Dove te vet o Mariettina - Oh Dio del cielo - Strofette sfottitorie - Dove sei stato? - La penna nera - O cebiel chischiel a Udin - I tre alpin - Mariolà - In licenza - All'ospedale di Genova - Ce bielis maninis - Stornellata romanesca - Il testamento - I tuoi capelli - Quel mazzolin di fiori - Sul ponte di Bassano - La morettina - Marcetta mediterranea - Montenero - Stamattina mi sono alzata - La giornata del soldato - Traiti fur ninine biele - Il 29 giugno - I congedati - O macchinista - Congedo - Ai preat la biele stele.  aFOLK ITALIANO [DISCHI]eCodice MATERIA SPICS: 9950 aPiccinelli NinogCodice autore SPICS: 1106eAutore